|
|
|
|
| LEADER |
00712cam a2200169 7i4500 |
| 001 |
0000024312 |
| 005 |
20100325090000.0 |
| 090 |
0 |
0 |
|a P 677.025
|b MAL
|
| 110 |
2 |
0 |
|a Malaysian Knitting Manufacturers Association (MKMA)
|
| 245 |
2 |
0 |
|a MKMA member directory 2009-2011 :
|b fabric garment accessories :
|b fabric garment accessories :
|b closely knit together.
|
| 260 |
0 |
0 |
|a Batu Pahat:
|b Malaysian Knitting Manufacturers Association (MKMA),
|c 2009.
|
| 300 |
# |
# |
|a 224 p.
|
| 650 |
0 |
0 |
|a Textile --
|x Directories --
|z Malaysia
|
| 650 |
0 |
0 |
|a Knitting --
|x Directories --
|z Malaysia
|
| 650 |
0 |
0 |
|a Garment industry --
|x Directories --
|z Malaysia
|
| 651 |
0 |
0 |
|a Malaysia
|
| 999 |
|
|
|a 0000026139
|b Directories
|c Malaysia
|e Business Information Centre
|